My Top Songs of 2020 - Statistics

General Stats
  • This quiz has been taken 52 times
  • The average score is 15 of 54
Answer Stats
# Song Answer % Correct
1, 52 American Idiot, Basket Case Green Day
98%
3, 36, 51, 62, 68, 88 Numb, Papercut, In the End, Faint, One Step Closer, Crawling Linkin Park
87%
70, 81 Don't Stop Me Now, Bohemian Rhapsody Queen
87%
93 Losing My Religion R.E.M.
80%
49 Creep Radiohead
78%
4, 31, 90 Welcome to the Black Parade, Dead!, Cancer My Chemical Romance
76%
89 Believer Imagine Dragons
62%
8 I Write Sins Not Tragedies Panic! At The Disco
62%
47 Car Radio, Stressed Out, Lane Boy Twenty One Pilots
62%
74 Chasing Cars Snow Patrol
60%
5 Godzilla (feat. Juice WRLD) Eminem
58%
27, 32 How to Save a Life, You Found Me The Fray
58%
97 Pompeii Bastille
56%
59 Misery Business Paramore
51%
7 You're Gonna Go Far, Kid The Offspring
49%
17 Down with the Sickness Disturbed
40%
60, 64 Closer, Hurt Nine Inch Nails
40%
83, 100 Last Resort, Help Papa Roach
36%
11, 20, 43, 76 Duality, People = Shit, Vermilion, Pt. 2, Psychosocial Slipknot
33%
65, 78 Afterlife, Hail to the King Avenged Sevenfold
29%
86, 99 Blood, The Diary of Jane Breaking Benjamin
24%
9 Paralyzer Finger Eleven
22%
91 The Kill Thirty Seconds To Mars
22%
19 Let You Down NF
20%
12 The Home Depot Beat The Home Depot
18%
22, 44, 72, 95 Awake and Alive, Monster, What I Believe, Whispers in the Dark Skillet
16%
41 In The End Black Veil Brides
13%
6, 10, 14, 18, 24, 28, 34, 38, 42, 46, 50, 57, 67, 73,77, 98 Let It Burn, The War We Made, Cauterize, Never Be The Same, Sever, Not Alone, Faceless, Hemorrhage, Darkest Part, Hold Me Now, The Moment We Come Alive, Breathe Into Me, All For You, Best Is Yet To Come, Already Over, Infidel Red
13%
96 Feels Like Tonight Daughtry
11%
26 Through Glass Stone Sour
11%
2, 29 Rx (Medicate), Angel Theory of a Deadman
11%
37 Over and Over Three Days Grace
11%
58 The Red Baron Sabaton
9%
85 Chase the Sun Arrows to Athens
7%
40 My Own Grave As I Lay Dying
7%
82 Out Of Control Hoobastank
7%
33 Fishin' in the Dark Nitty Gritty Dirt Band
7%
80 Can't Help Me Now Rob Thomas
7%
30 Dare You to Move Switchfoot
7%
13, 25, 54, 87 Without You, Right Here, On My Own, I Won't Run Away Ashes Remain
4%
92 Give Me Your Eyes Brandon Heath
4%
21 Where I Belong Building 429
4%
66 Let It Burn Citizen Soldier
4%
23 Dear God Dax
4%
63 Fading Decyfer Down
4%
35 Dear X, You Don't Own Me Disciple
4%
16 This Time It's Different Evans Blue
4%
79 Unbreakable Fireflight
4%
75 Love With Your Life Hollyn
4%
84 Strong Tower Kutless
4%
45 Frontline Pillar
4%
55, 94 I Can't Do This, Lord I'm Ready Now Plumb
4%
15 Be Somebody, Courtesy Call, The End Is Where We Begin, In My Room, War of Change Thousand Foot Krutch
4%
53 We Fall Apart We As Human
4%
No matching quizzes found
Score Distribution
Percent of People with Each Score
Percentile by Number Answered
Your Score History
You have not taken this quiz